000 00977nam a2200229Ii 4500
003 JO-AjNU
008 230605s9999||||xx |||||||||||||| ||und||
017 _a2014/829
020 _a978-99966-38-35-0
040 _aJO-AjNU
_bara
_erda
_cJO-AjNU
041 _aara
050 1 4 _aKBP637 2014
100 3 _a إشراف بوغيث، جاسم محمد؛ إعداد وتنفيذ العازمي،تهاني سليمان؛ مراجعة وتدقيق عبداللطيف، عطاالله محمود ,
_eauthor
_957789
245 0 0 _aنماذج للأحكام القضائية في الأوقاف الخيرية: إدارة الشؤون الشرعية والقانونية
250 _aط1
264 3 1 _aالكويت: الأمانة العامة للأوقاف، 2014
300 _a280ص
336 _atext
_btxt
_2rdacontent
337 _aunmediated
_bn
_2rdamedia
338 _avolume
_bnc
_2rdacarrier
650 4 _aالوقف - قوانين وتشريعات - أحكام
_957790
999 _aA25917
_c29485
_d29485